<?xml version="1.0" encoding="UTF-8"?>
<collection xmlns="http://www.loc.gov/MARC21/slim">
 <record>
  <leader>00717pamaa2200241   4500</leader>
  <controlfield tag="001">0000054364</controlfield>
  <controlfield tag="005">20171114090000.0</controlfield>
  <controlfield tag="006">  Eng</controlfield>
  <controlfield tag="008">171114s2010       </controlfield>
  <datafield tag="020" ind1=" " ind2=" ">
   <subfield code="a">9789715065597 </subfield>
  </datafield>
  <datafield tag="040" ind1=" " ind2=" ">
   <subfield code="a">cip</subfield>
  </datafield>
  <datafield tag="090" ind1="0" ind2="0">
   <subfield code="a">RA395.A3.M25 </subfield>
   <subfield code="b">SOM 2010</subfield>
  </datafield>
  <datafield tag="100" ind1="1" ind2=" ">
   <subfield code="a">Somers </subfield>
   <subfield code="e">Karen Grimmer </subfield>
  </datafield>
  <datafield tag="245" ind1="0" ind2="0">
   <subfield code="a">Practical Tips for Using and Developing Guidelines : </subfield>
   <subfield code="b">An Allied Health Primer  </subfield>
   <subfield code="c">Karen Grimmer-Somers and Anthea Worley.</subfield>
  </datafield>
  <datafield tag="250" ind1=" " ind2=" ">
   <subfield code="a">1st.</subfield>
  </datafield>
  <datafield tag="264" ind1=" " ind2="1">
   <subfield code="a">Manila, Phillipines: </subfield>
   <subfield code="b">UST Publishing House, </subfield>
   <subfield code="c">2010.</subfield>
  </datafield>
  <datafield tag="264" ind1=" " ind2="4">
   <subfield code="c">2010.</subfield>
  </datafield>
  <datafield tag="300" ind1=" " ind2=" ">
   <subfield code="a">xvii, 174p.: </subfield>
   <subfield code="b">col.ill; </subfield>
   <subfield code="c">25cm.</subfield>
  </datafield>
  <datafield tag="336" ind1=" " ind2=" ">
   <subfield code="a">text</subfield>
   <subfield code="2">rdacontent</subfield>
  </datafield>
  <datafield tag="504" ind1=" " ind2=" ">
   <subfield code="a">Includes references</subfield>
  </datafield>
  <datafield tag="650" ind1=" " ind2="0">
   <subfield code="a">Title </subfield>
  </datafield>
  <datafield tag="650" ind1=" " ind2="0">
   <subfield code="a">Medical care -- </subfield>
   <subfield code="x">Standards </subfield>
  </datafield>
  <datafield tag="700" ind1="1" ind2="0">
   <subfield code="a">Worley </subfield>
  </datafield>
 </record>
</collection>
